| 000 | 00451nam a2200181Ia 4500 | ||
|---|---|---|---|
| 008 | 230524s9999 xx 000 0 und d | ||
| 020 | _a9780123838728 | ||
| 082 |
_a4.22 _bHEN |
||
| 100 | _aJohn L.Hennessy | ||
| 245 | 0 | _aComputer Architecture A Quantitative Approach | |
| 250 | _a5 | ||
| 260 |
_bElsevier _c2016 |
||
| 300 | _a"XXVII,476p;" | ||
| 500 | _aQuantity Number: 80 | ||
| 650 | _aComp.Sc | ||
| 700 | _aDavid A.Patterson | ||
| 942 | _cBK | ||
| 999 |
_c58731 _d58731 |
||